UFC Nickname's - Statistics

General Stats
  • This quiz has been taken 4,197 times
  • The average score is 17 of 37
Answer Stats
Nickname Fighter % Correct
Bones Jon Jones
94%
DC Daniel Cormier
92%
Mighty Mouse Demetrious Johnson
89%
The Notorious Conor McGregor
88%
The Spider Anderson Silva
86%
Rumble Anthony Johnson
86%
Cowboy Donald Cerrone
82%
The Reem Alistair Overeem
74%
Shogun Maurício Rua
70%
Rush Georges St-Pierre
61%
The Lioness Amanda Nunes
59%
Rowdy Ronda Rousey
59%
No Love Cody Garbrandt
58%
Hendo Dan Henderson
58%
Ruthless Robbie Lawler
57%
The Count Michael Bisping
52%
Super Samoan Mark Hunt
51%
The California Kid Urijah Faber
47%
Big Country Roy Nelson
46%
Dominator Dominick Cruz
42%
The Preacher's Daughter Holly Holm
41%
The Prodigy BJ Penn
33%
The Chosen One Tyron Woodley
31%
Junior José Aldo
29%
The All-American Chris Weidman
27%
Beastin 25/8 Corey Anderson
26%
Cupcake Miesha Tate
26%
The Answer Frankie Edgar
24%
The Phenom Vitor Belfort
24%
The Mauler Alexander Gustafsson
22%
Money Chad Mendes
15%
12 Gauge Paige VanZant
14%
The Dirty Bird Tim Means
9%
The Viper TJ Dillashaw
9%
The Dream Diego Sanchez
6%
The Horror Rick Story
5%
The Phenom Sergio Pettis
5%
No matching quizzes found
Score Distribution
Percent of People with Each Score
Percentile by Number Answered
Your Score History
You have not taken this quiz